Modely úvěrového rizika - jak dál?
Skúmanie či obmedziť alebo neobmedziť modely v regulácii bánk. Zavedenie modelov pre úverové riziko v Basel II. Vývoj v Basel II v praxi. Riešenie problémov v Európskej únii i v Basel III.
Saved in:
| Main Author: | |
|---|---|
| Format: | Book Chapter |
| Language: | Czech |
| Subjects: | |
| Tags: |
No Tags, Be the first to tag this record!
|
MARC
| LEADER | 00000naa a2200000 4500 | ||
|---|---|---|---|
| 001 | 0278807 | ||
| 005 | 20210930080409.1 | ||
| 041 | 0 | |a cze | |
| 044 | |a SK | ||
| 245 | 1 | 0 | |a Modely úvěrového rizika - jak dál? |c Helena Sůvová |
| 520 | |a Skúmanie či obmedziť alebo neobmedziť modely v regulácii bánk. Zavedenie modelov pre úverové riziko v Basel II. Vývoj v Basel II v praxi. Riešenie problémov v Európskej únii i v Basel III. | ||
| 610 | 2 | 0 | |a riziko úverové |
| 610 | 2 | 0 | |a regulácia |
| 610 | 2 | 0 | |a bankovníctvo |
| 610 | 2 | 0 | |a banky |
| 100 | 1 | |a Sůvová, Helena | |